000
00330nam a2200133Ia 4500
008
240624s9999 xx 000 0 und d
041
_a
eng
082
_a
658.827 ZAR
100
_a
ZARANTONELLO LIA
245
_a
HANDBOOK OF BRAND MANAGEMENT SCALES
260
_c
2016
_a
London
_b
Routledge
300
_a
310 : p.
365
_c
GBP
_b
30
999
_c
26753
_d
26753